Khuyến cáo xử trí các bệnh lý tim mạch chủ yếu ở Việt Nam = Recommendation of the Vietnam National Heart Association on the management of cardiovascular diseases

Salvato in:
Dettagli Bibliografici
Autore principale: Hội tim mạch học Quốc Gia Việt Nam
Natura: Libro
Lingua:Undetermined
Pubblicazione: H. Y Học 2003
Soggetti:
Tags: Aggiungi Tag
Nessun Tag, puoi essere il primo ad aggiungerne! !
Thư viện lưu trữ: Trung tâm Học liệu Trường Đại học Cần Thơ
LEADER 00762nam a2200205Ia 4500
001 CTU_54104
008 210402s9999 xx 000 0 und d
020 |b 73000 
082 |a 616.1 
082 |b H452 
100 |a Hội tim mạch học Quốc Gia Việt Nam 
245 0 |a Khuyến cáo xử trí các bệnh lý tim mạch chủ yếu ở Việt Nam 
245 0 |b = Recommendation of the Vietnam National Heart Association on the management of cardiovascular diseases 
245 0 |c Hội tim mạch học Quốc Gia Việt Nam 
260 |a H. 
260 |b Y Học 
260 |c 2003 
650 |a cardiovascular system,blood-vessel 
650 |x diseases,diseases 
980 |a Trung tâm Học liệu Trường Đại học Cần Thơ